000 00870nam a22003017a 4500
001 BR8005180
003 BR-BrBNA
005 20230928090709.0
007 ta
008 230509b bl.||||| |||| 00| 0 por d
040 _aBR-BrBNA
_bpor
_cBiblioteca Nacional de Agricultura
041 _a(Por)
072 _aE70; L00
_b8946
_b/G514
090 _ 8946 BR8005180
100 1 _aMonteiro, E.
110 1 _aSecretaria de Estado da Industria e do Comercio, Curitiba, PR (Brasil). Coordenadoria de Desenvolvimento Industrial
_98863
245 1 _aO setor textil no Estado do Parana. Seda [Brasil]
260 3 _aCuritiba, PR (Brasil):
_c1980.
300 _a54 p.
500 _a30 ref.
650 _aINDUSTRIA TEXTIL
650 _aSEDA
650 _aSERICICULTURA
650 _aMERCADO
650 _aPARANA
909 _a202309
_bLucia
_c55
_dLucia Elande
942 _cBK
999 _c30079
_d30079